<?xml version="1.0" encoding="UTF-8"?>
<record
    xmlns:xsi="http://www.w3.org/2001/XMLSchema-instance"
    xsi:schemaLocation="http://www.loc.gov/MARC21/slim http://www.loc.gov/standards/marcxml/schema/MARC21slim.xsd"
    xmlns="http://www.loc.gov/MARC21/slim">

  <leader>00479    a2200133   4500</leader>
  <controlfield tag="001">ART_13551</controlfield>
  <controlfield tag="005">20260410161910.0</controlfield>
  <controlfield tag="008">260409a                                 </controlfield>
  <datafield tag="245" ind1="1" ind2="0">
    <subfield code="a">Un an&#xE1;lisis de los determinantes econ&#xF3;micos de la migraci&#xF3;n mexicana legal e ilegal hacia los Estados Unidos</subfield>
  </datafield>
  <datafield tag="100" ind1="1" ind2=" ">
    <subfield code="a">Johnson, Harry G.</subfield>
  </datafield>
  <datafield tag="700" ind1="1" ind2=" ">
    <subfield code="a">Blejer, Mario I.</subfield>
  </datafield>
  <datafield tag="700" ind1="1" ind2=" ">
    <subfield code="a">Porzecansky, Arturo C.</subfield>
  </datafield>
  <datafield tag="773" ind1="0" ind2=" ">
    <subfield code="t">Demograf&#xED;a y econom&#xED;a</subfield>
    <subfield code="g">- Vol. XI, N&#xBA; 33 (sep./dic. 1977)</subfield>
    <subfield code="w">REV13200</subfield>
  </datafield>
  <datafield tag="999" ind1=" " ind2=" ">
    <subfield code="c">26735</subfield>
    <subfield code="d">26735</subfield>
  </datafield>
</record>
